| 000 | 00656nam a2200193Ia 4500 | ||
|---|---|---|---|
| 003 | SISC | ||
| 005 | 20190124095124.0 | ||
| 008 | 180815s9999 xx 000 0 und d | ||
| 020 | _a9781284040920 | ||
| 100 | _aNational Association of Emergency Medical Technicians. | ||
| 245 |
_cNational Association of Emergency Medical Techcians.-- _aAMLS : _badvanced medical lifes support / |
||
| 250 | _a2nd ed | ||
| 260 |
_aUSA : _bJones and Bartlett Learning _c2017 |
||
| 300 | _axx, 466 pages. | ||
| 500 | _aan assesment-based approach. | ||
| 650 | _aAdvanced trauma life support care -- methods. | ||
| 650 | _aEmergency medical services. | ||
| 942 |
_2lcc _cBK |
||
| 999 |
_c358340 _d358340 |
||